| 000 | 00779nam a22001817a 4500 | ||
|---|---|---|---|
| 999 |
_c15058 _d15058 |
||
| 003 | OSt | ||
| 082 | _2631.3 ANV\DE | ||
| 088 | _aP 74 | ||
| 100 |
_aANVUR V. A _aJAYAPRADEEP S _aSATHEESAN M. M _93788 |
||
| 245 | _aDevelopment of eccentric driven transmission system for garden tractor | ||
| 260 |
_aTavanur 1998 _bDepartment of Farm Power Machinery and Energy |
||
| 300 | _a55 | ||
| 500 | _aDevelopment of eccentric driven transmission system for garden tractor | ||
| 520 | _alow cost garden tractor.single phase v-belt drive, an eccentric assembly, a connecting link, an oscillating line and an intermediate shaft. backward motion. | ||
| 700 |
_aProf. C. P Muhammad (Guide) _93789 |
||
| 856 | _uhttps://drive.google.com/open?id=1oMvzwOvYGru4ORIr7E2-kuqQzLUfMnjn | ||
| 942 | _cPR | ||